Statistics for Gold Glove Winning Catchers

Click here to take the quiz!

General Stats

  • This quiz has been taken 90 times
  • The average score is 17 of 44

Answer Stats

Answer% Correct
Yadier Molina
94%
Bengie Molina
90%
Buster Posey
77%
Ivan Rodriguez
74%
Joe Mauer
74%
Johnny Bench
74%
Russell Martin
71%
Roberto Perez
61%
Salvador Perez
61%
Carlton Fisk
58%
Charles Johnson
58%
Gary Carter
58%
Jason Varitek
58%
J.T. Realmuto
58%
Tony Pena
58%
Joe Torre
48%
Lance Parrish
45%
Thurman Munson
45%
Jody Davis
39%
Sandy Alomar Jr.
39%
Bill Freehan
35%
Bob Boone
32%
Brad Ausmus
32%
Elston Howard
32%
Randy Hundley
32%
Sean Murphy
32%
Mike Matheny
29%
Mike Lieberthal
26%
Ray Fosse
26%
Del Crandall
23%
Michael LaValliere
23%
John Roseboro
19%
Tom Pagnozzi
19%
Tucker Barnhart
19%
Earl Battey
16%
Jacob Stallings
16%
Johnny Edwards
16%
Kirt Manwaring
13%
Sherm Lollar
13%
Jim Sundberg
10%
Benito Santiago
6%
Jose Trevino
6%
Martin Maldonaldo
6%
Matt Weiters
6%

Score Distribution

Percentile by Number Answered

Percent of People with Each Score

Your Score History

You have not taken this quiz